| 000 | 01720nam a2200541 i 4500 | ||
|---|---|---|---|
| 001 | 52113 | ||
| 003 | KOSZ 005 | ||
| 005 | 20240405063201.0 | ||
| 008 | 071017s2006 pl a f f |000 0 pol | ||
| 015 | _aUWD 2007/22200 | ||
| 020 | _a838884086X | ||
| 035 | _a991036181929705066 | ||
| 035 | _a(PL-WaBN)b19721791-48omnis_nlop | ||
| 035 | _ab19721791 | ||
| 035 | _a(OCoLC)805289243 | ||
| 035 | _a(PL)b0000001972179 | ||
| 035 | _a(EXLNZ-48OMNIS_NETWORK)9910128519505606 | ||
| 040 |
_aWA N _cWA N _dKOSZ 005/HR |
||
| 041 | 0 |
_apol _beng |
|
| 046 | _k2006 | ||
| 080 | _a332.7(438)"1989/..." | ||
| 080 | _a(075.8) | ||
| 100 | 1 |
_aBryx, Marek _d(1953- ) _eAutor |
|
| 245 | 1 | 0 |
_aRynek nieruchomości : _bsystem i funkcjonowanie / _cMarek Bryx. |
| 260 |
_aWarszawa : _bWydawnictwo Poltext, _c2006. |
||
| 300 |
_a329 s. : _bil. ; _c24 cm. |
||
| 336 |
_aTekst _btxt _2rdacontent |
||
| 337 |
_aBez urządzenia pośredniczącego _bn _2rdamedia |
||
| 338 |
_aWolumin _bnc _2rdacarrier |
||
| 380 | _aKsiążki | ||
| 380 | _aPublikacje dydaktyczne | ||
| 385 |
_mPoziom nauczania _aSzkoły wyższe |
||
| 388 | _a2001- | ||
| 490 | 1 | _aNieruchomości | |
| 504 | _aBibliogr. 323-329. | ||
| 546 | _aStreszcz. ang. | ||
| 648 | _a1901-2000 | ||
| 648 | _a1989-2000 | ||
| 648 | _a2001- | ||
| 650 | 7 |
_aRynek nieruchomości _2DBN |
|
| 655 | 7 |
_aPodręczniki akademickie _2DBN |
|
| 658 | _aGospodarka, ekonomia, finanse | ||
| 710 | 2 |
_aWydawnictwo Poltext _4pbl |
|
| 830 | 0 | _aNieruchomości - Poltext | |
| 856 |
_uhttp://koha.tu.koszalin.pl/cgi-bin/koha/opac-detail.pl?biblionumber=52113 _yKatalog online BPK |
||
| 942 |
_2UKD _cKS |
||
| 999 |
_c52113 _d52113 |
||